Kỹ thuật hệ thống công nghệ hoá học. t.I, Cơ sở mô hình hoá các quá trình công nghệ hoá học /

Αποθηκεύτηκε σε:
Λεπτομέρειες βιβλιογραφικής εγγραφής
Κύριος συγγραφέας: Nguyễn Minh Tuyển, GS.TSKH.
Άλλοι συγγραφείς: Phạm Văn Thiêm
Μορφή: Sách giấy
Γλώσσα:Vietnamese
Έκδοση: H. : Khoa học và Kỹ thuật, 2005.
Έκδοση:Tái bản có sửa chữa và bổ sung
Θέματα:
Ετικέτες: Προσθήκη ετικέτας
Δεν υπάρχουν, Καταχωρήστε ετικέτα πρώτοι!
Thư viện lưu trữ: Thư viện Trường Đại học Đà Lạt
LEADER 01536nam a2200349 4500
001 DLU110116163
005 ##20110217
040 # # |a DLU  |b vie 
041 # # |a vie 
044 # # |a vn 
082 # # |a 660  |b NG-T 
100 # # |a Nguyễn Minh Tuyển,  |c GS.TSKH. 
245 # # |a Kỹ thuật hệ thống công nghệ hoá học.  |n t.I,  |p Cơ sở mô hình hoá các quá trình công nghệ hoá học /  |c Nguyễn Minh Tuyển, Phạm Văn Thiêm 
250 # # |a Tái bản có sửa chữa và bổ sung 
260 # # |a H. :  |b Khoa học và Kỹ thuật,  |c 2005. 
300 # # |a 264 tr. ;  |c 21 cm. 
504 # # |a Tài liệu tham khảo: tr. 262. 
505 # # |a Chương I. Tiếp cận hệ thống và nghiên cứu khai triển công nghệ hoá học -- Chương II. Các quy luật chủ yếu trong quá trình công nghệ hoá học -- Chương III. Các yếu tố ảnh hưởng đến quá trình công nghệ hoá học -- Chương IV. Mô tả quá trình công nghệ hoá học bằng mô hình vật lý -- Chương V. Mô tả quá trình công nghệ hoá học bằng mô hình toán học -- Chươ8ng VI. Nghiên cứu công nghệ hoá học và hoá học bằng mô tả thống kê. 
650 # # |a Công nghệ hoá học. 
700 # # |a Phạm Văn Thiêm 
923 # # |a 01/2010HH 
990 # # |a t.I 
991 # # |a GT 
992 # # |a 25000 
994 # # |a KHH 
900 # # |a True 
911 # # |a Đào Thị Thu Huyền 
925 # # |a G 
926 # # |a A 
927 # # |a SH 
980 # # |a Thư viện Trường Đại học Đà Lạt